00434nam a2200157Ia 4500003000400000008004100004040001600045082001500061100002000076245005600096260004900152300001000201650001800211650002700229650002000256GCL140319s9999 xx 000 0 eng d aGCL / cGCL04a362.2bT P1 aTHROPE, LOUIS P10aTHE PSYCHOLOGY OF MENTAL HEALTH / cTHROPE, LOUIS P a[S.N] : bTHE RONALD PRESS COMPANY ، c1950 a747 P04aMENTAL HEALTH04aMENTAL HEALTH SERVICES04aSOCIAL SERVICES